Harpers biochemistry (Record no. 103481)
[ view plain ]
| 000 -LEADER | |
|---|---|
| fixed length control field | 00508nam a2200217Ia 4500 |
| 003 - CONTROL NUMBER IDENTIFIER | |
| control field | OSt |
| 005 - DATE AND TIME OF LATEST TRANSACTION | |
| control field | 20221126122759.0 |
| 008 - FIXED-LENGTH DATA ELEMENTS--GENERAL INFORMATION | |
| fixed length control field | 210210b2000 xxu||||| |||| 00| 0 eng d |
| 020 ## - INTERNATIONAL STANDARD BOOK NUMBER | |
| International Standard Book Number | 0 8385 3690 5 |
| 040 ## - CATALOGING SOURCE | |
| Transcribing agency | AL |
| 041 ## - LANGUAGE CODE | |
| Language code of text/sound track or separate title | English |
| 082 ## - DEWEY DECIMAL CLASSIFICATION NUMBER | |
| Classification number | 574.192 MURH |
| 100 ## - MAIN ENTRY--PERSONAL NAME | |
| Personal name | MURRAY (Robert K) |
| 9 (RLIN) | 63920 |
| 245 ## - TITLE STATEMENT | |
| Title | Harpers biochemistry |
| 250 ## - EDITION STATEMENT | |
| Edition statement | 25 |
| 260 ## - PUBLICATION, DISTRIBUTION, ETC. | |
| Place of publication, distribution, etc. | Stamford |
| Name of publisher, distributor, etc. | Appleton & Lange |
| Date of publication, distribution, etc. | 2000 |
| 300 ## - PHYSICAL DESCRIPTION | |
| Extent | xi,927 |
| 690 ## - LOCAL SUBJECT ADDED ENTRY--TOPICAL TERM (OCLC, RLIN) | |
| Topical term or geographic name as entry element | Biochemistry |
| 9 (RLIN) | 63921 |
| 906 ## - LOCAL DATA ELEMENT F, LDF (RLIN) | |
| a | 055693 |
| 942 ## - ADDED ENTRY ELEMENTS (KOHA) | |
| Source of classification or shelving scheme | Dewey Decimal Classification |
| Koha item type | Book |
| Withdrawn status | Lost status | Source of classification or shelving scheme | Damaged status | Not for loan | Collection code | Home library | Current library | Date acquired | Source of acquisition | Cost, normal purchase price | Total Checkouts | Full call number | Barcode | Date last seen | Price effective from | Koha item type |
|---|---|---|---|---|---|---|---|---|---|---|---|---|---|---|---|---|
| Dewey Decimal Classification | Bio Chemistry | St Aloysius Library | St Aloysius Library | 02/17/2021 | U R Shenoy & Sons, Mangalore. | 940.00 | 574.192 MURH | 055693 | 02/17/2021 | 02/17/2021 | Book | |||||
| Dewey Decimal Classification | Bio Chemistry | St Aloysius Library | St Aloysius Library | 02/17/2021 | New book house, Bangalore | 587.00 | 574.192 MURH | 059249 | 02/17/2021 | 02/17/2021 | Book |